Les cétacés de Méditerranée - Statistiques

Statistiques générales
  • Ce quiz a été pris 88 fois
  • Le résultat moyen est 4 sur 8
Statistiques - réponses
Par images Réponse % Correct
Rorqual commun
97%
Cachalot commun
71%
Dauphin commun à bec court
54%
Dauphin bleu et blanc
46%
Grand dauphin
46%
Globicéphale noir
42%
Dauphin de Risso
30%
Baleine à bec de Cuvier (Ziphius)
17%
Aucun quiz correspondant
Distribution des résultats
% des personnes avec chaque résultat
Percentile par nombre de réponses
Votre historique - résultats
Vous n’avez pas pris ce quiz